| 000 | 00485cam a2200181ua 4500 | ||
|---|---|---|---|
| 001 | 2586 | ||
| 008 | 110829n ii |||gr||||Z||||||asm | ||
| 040 | _cMAIN | ||
| 082 | _a491.4515 | ||
| 100 | _aGoswami, Gulok Chandra, | ||
| 245 | 1 | 1 |
_aAsamiya byakaranar maulik vicar _cby Goluk Chandra Goswami |
| 250 | _a1st. | ||
| 260 |
_aGuahati: _bShri ramcharan bharali,987. |
||
| 300 |
_a155p: _c23cm. |
||
| 653 | _aAssamese grammar | ||
| 653 | _aAsamiya byakaranar maulik vicar | ||
| 942 | _cBK | ||
| 999 |
_c2439 _d2439 |
||